000 01141naa a2200313 c 4500
001 49369
999 _c49369
_d49369
003 ES-MaCES
005 20170508124358.0
008 170508s2017 sp ||||| t||||||| ||spa d
040 _aES-MaCES
_bspa
_cES-MaCES
_dES-MaCES
100 1 _938176
_aSiles Brügge, Gabriel
245 1 3 _aEl TTIP, un acuerdo de largo recorrido
_cGabriel Siles Brügge
630 4 4 _936272
_aTTIP
650 4 _926683
_aacuerdo internacional
650 4 _926675
_arelaciones internacionales
650 4 _927958
_acomercio internacional
650 4 _927963
_aconvenio comercial
650 4 _928005
_alibre comercio
650 4 _928006
_azona de libre comercio
650 4 _927960
_amercado común
650 4 _926687
_apolítica exterior
650 4 _930753
_anegociación
650 4 _928373
_aEstados Unidos
650 4 _926752
_aUE
653 1 0 _aComercio internacional
773 0 _985844
_dMadrid (Padilla, 6, 28006) Estudios de Política Exterior
_o088742
_tPolítica exterior
_w(ES-MaCES)25128
_gvol. 31, n. 175 (en.-feb. 2017) {10110 R. 088742} ;p. 96-104
902 _aART Artículo de revista
942 _2CES
_cAR
_h0.0.